000 00925nam0a22002771 4500
001 rc\22677
005 20021216123615.0
010 _a5-900268-27-6
_920000
035 _a(NLR Aleph) 005310583
090 _a6381743
_c6381743
100 _a20021216d1995 u |0rusy50 ca
101 0 _arus
102 _aRU
105 _aa |||||||||
200 1 _aАлександр Суворов
_e[Для детей]
_fС. Алексеев
_g[Худож. А. Иткин]
210 _aМ.
_cИзд. дом "Сел. новь"
_dБ. г. (1995)
215 _a46, [1] c.
_cцв. ил.
_d17
225 1 _aИмя
300 _aНа пер. авт. не указан
600 1 _aСуворов
_bА.В.
_gАлександр Васильевич
_2psbo
700 1 _aАлексеев
_bС. П.
_f1922-
_gСергей Петрович
801 0 _aRU
_bNLR
_gpsbo
801 1 _aRU
_bELAR
_2rusmarc
852 _aNLR
_j96-2/831
942 _cBOOK
980 _aNB